Право доступа к электронным данным в телекоммуникационной системе Интернет; Энергия молодых - экономике России; [Ч. 1]

Bibliografski detalji
Parent link:Энергия молодых - экономике России: труды VIII Международной научно-практической конференции студентов и молодых ученых, г. Томск, 19-22 марта 2007 г./ Томский политехнический университет (ТПУ) ; Вольное экономическое общество России (ВЭО России) ; Международный союз экономистов (МСЭ).— , 2007
[Ч. 1].— 2007.— С. 289-291
Glavni autor: Касьянов А. А.
Daljnji autori: Чернов В. М.
Jezik:ruski
Izdano: 2007
Teme:
Format: Poglavlje knjige
KOHA link:https://koha.lib.tpu.ru/cgi-bin/koha/opac-detail.pl?biblionumber=132565

MARC

LEADER 00000naa2a2200000 4500
001 132565
005 20231031134923.0
035 |a (RuTPU)RU\TPU\book\143544 
090 |a 132565 
100 |a 20080304d2007 k y0rusy50 ca 
101 0 |a rus 
102 |a RU 
200 1 |a Право доступа к электронным данным в телекоммуникационной системе Интернет  |f А. А. Касьянов  |g науч. рук. В. М. Чернов 
320 |a Библиогр.: 2 назв. 
461 0 |0 (RuTPU)RU\TPU\book\169966  |t Энергия молодых - экономике России  |o труды VIII Международной научно-практической конференции студентов и молодых ученых, г. Томск, 19-22 марта 2007 г.  |f Томский политехнический университет (ТПУ) ; Вольное экономическое общество России (ВЭО России) ; Международный союз экономистов (МСЭ)  |d 2007 
463 0 |0 (RuTPU)RU\TPU\book\136477  |t [Ч. 1]  |v С. 289-291  |d 2007 
610 1 |a Интернет 
610 1 |a телекоммуникационные системы 
610 1 |a электронные данные 
610 1 |a доступ 
610 1 |a труды учёных ТПУ 
700 1 |a Касьянов  |b А. А. 
702 1 |a Чернов  |b В. М. 
801 1 |a RU  |b 63413507  |c 20080304  |g PSBO 
801 2 |a RU  |b 63413507  |c 20161007  |g RCR 
942 |c BK